000 00441nab a2200145Ia 4500
003 ES-SlBCS
005 20210601145445.0
008 140529s1954 xxu||||| |||| 00| 0 spa d
041 _aspa
100 1 _aPhilipon, María M.
_9139017
245 0 0 _aEl genio creador de Teresa de Lisieux
_c María M. Philipon
600 1 4 _aTeresa de Lisieux
_9135641
773 0 _tRevista de Teologia
_gvol. 4, nº. 15, 1954, págs. 70-80
_wRev722
942 _cAR
999 _c724633
_d724633